| 000 | 01153cab a2200229 4500 | ||
|---|---|---|---|
| 001 | ##L134819 | ||
| 008 | 060904n2006 000 0 eng u | ||
| 035 | _a(Sirsi) u134819 | ||
| 041 | 0 | _aeng | |
| 100 | 1 | _aThomson, Dan | |
| 245 | 0 | 0 | _aTall buildings |
| 260 | _c2006 | ||
| 490 | 0 |
_aArchitects' Journal _v7(224) 31 August 2006, 19-42(22) |
|
| 520 | _aPresents a group of wide-ranging articles on tall buildings. Covers: the changing attitudes in UK planning that are making it easier to design tall buildings; the factors that make a successful tall building and how they are exemplified in some of the best tall buildings worldwide; KPF Architects' Heron Tower projected to start construction in London in 2007; structural fire engineering and tall building design and Luz Vargas Architects' pioneering concept design for a new kind of skyscraper with its potential for high-rise living. Student proposals and public opinion. | ||
| 590 | _aIKA050906 | ||
| 651 | 4 | _aInternational | |
| 690 | _aBUILT ENVIRONMENT-BUILDING TYPES-TALL BUILDINGS | ||
| 700 | 1 | _aWood, Antony | |
| 700 | 1 | _aHartman, Hattie | |
| 700 | 1 | _aSlavid, Ruth | |
| 942 | _n0 | ||
| 999 |
_c77663 _d77663 |
||